| 000 | 01240nam a22002777a 4500 | ||
|---|---|---|---|
| 999 |
_c65935 _d65935 |
||
| 005 | 20240530110850.0 | ||
| 008 | 200912s2020 ua a g b 000 0dara d | ||
| 017 |
_a2019/25630 _bمصر. دار الكتب |
||
| 020 | _a9789772125418 | ||
| 040 |
_aEG-CaGPL _cEG-CaGPL |
||
| 082 | 0 | 4 |
_221 _a953.04\ _bع ت |
| 100 | 0 | _aعبدالمعز فضل عبدالرازق محمود | |
| 245 | 1 | 0 |
_aتاريخ الدولة الاسلامية عصر الخلافة العباسية : _b132 - 656 هـ 750 - 1258 م : تاريخها ومظاهرها الحضارية / _cتاليف واعداد عبدالمعز فضل عبدالرازق محمود |
| 250 | _aط.1 | ||
| 260 |
_aالاسكندرية : _bمؤسسة شباب الجامعة ، _c2020 |
||
| 300 |
_a430 ص. ؛ _c24 سم. |
||
| 504 | _aيشتمل على ارجاعات ببليوجرافية | ||
| 650 | 0 | 7 |
_aالتاريخ الاسلامى _2qrmak |
| 650 | 0 | 7 | _aالحضارة الاسلامية |
| 651 | 0 | 7 |
_2qrmak _aالدولة الاموية |
| 651 | 0 | 7 | _aالدولة العباسية |
| 651 | 0 | 7 |
_aالدولة الاموية _xسقوط |
| 651 | 0 | 7 |
_aالدولة العباسية _xتاسيس |
| 942 |
_2ddc _cBK |
||